| 000 | 01161nam0a22003011 4500 | ||
|---|---|---|---|
| 001 | v19\rc\1933756 | ||
| 005 | 20251118180629.9 | ||
| 035 | _a(NLR Aleph) 005005298 | ||
| 090 |
_a6429277 _c6429277 |
||
| 100 | _a20080404d1912 u y0rusy50 ca | ||
| 101 | 0 | _arus | |
| 102 | _aRU | ||
| 105 | _ac z ||||| | ||
| 200 | 1 |
_aДвадцать восемь портретов главнейших русских полководцев Отечественной войны _eС общ. характеристикой и с крат. описанием их действий на театре войны _fД.Г. Булгаковский |
|
| 210 |
_aСанкт-Петербург _cтип. Спб. тюрьмы _d1912 |
||
| 215 |
_a52 с. _cпортр. _d20 |
||
| 700 | 1 |
_aБулгаковский _bД.Г. _f1845-после 1916 _gДмитрий Гаврилович |
|
| 801 | 0 |
_aRU _bNLR _gpsbo |
|
| 801 | 0 |
_aRU _bRuMoRGB _2psbo |
|
| 801 | 1 |
_aRU _bProSoft-M _2rusmarc |
|
| 852 |
_aNLR _j20.94.8.150 |
||
| 899 |
_aRuMoRGB _jΔ 107/383 |
||
| 899 |
_aRuMoRGB _jF 101/450 |
||
| 899 |
_aRuMoRGB _jU 58/480 |
||
| 899 | _aБАН | ||
| 899 | _aГПИБ | ||
| 942 | _cBOOK | ||
| 980 | _aNB | ||